[Event "AUTO-ELITE-71"]
[Site "http://www.queenalice.com/game.php?id=179506"]
[Date "2007.3.10"]
[Round "2"]
[White "bruno_santiago"]
[Black "mds"]
[Result "0-1"]
[WhiteElo "1976"]
[BlackElo "2350"]

1. e4 c5 2. Nf3 Nf6 3. e5 Nd5 4. c3 e6 5. d4 cxd4 6. cxd4 d6 7. Bd3 Nc6 8. O-O
Qc7 9. Re1 Ndb4 10. Nc3 Nxd3 11. Qxd3 a6 12. Bf4 d5 13. a3 Be7 14. Rac1 Qd8 15.
Ne2 Bd7 16. b4 O-O 17. Ng3 Rc8 18. Rc3 f5 19. Rec1 g5 20. Bd2 Be8 21. h3 Bg6 22.
Qf1 f4 23. Ne2 Be4 24. Nh2 Qb6 25. Kh1 Rb8 0-1

[Event "AUTO-ELITE-71"]
[Site "http://www.queenalice.com/game.php?id=179509"]
[Date "2007.3.10"]
[Round "2"]
[White "bruno_santiago"]
[Black "sergiogvh"]
[Result "0-1"]
[WhiteElo "1924"]
[BlackElo "2063"]

1. e4 e6 2. d4 d5 3. Nc3 Bb4 4. e5 c5 5. a3 Bxc3+ 6. bxc3 Ne7 7. a4 Nbc6 8. Ba3
Qa5 9. Qd2 cxd4 10. Bxe7 Kxe7 11. Qg5+ Kd7 12. Ne2 Rg8 13. Qh5 Ke7 14. Qxh7 Kf8
15. Qh5 dxc3 16. g3 d4 17. f4 d3 18. cxd3 c2+ 19. Kf2 Qd2 20. Bg2 Nb4 21. Be4
Bd7 0-1

[Event "AUTO-ELITE-71"]
[Site "http://www.queenalice.com/game.php?id=179510"]
[Date "2007.3.10"]
[Round "2"]
[White "sergiogvh"]
[Black "bruno_santiago"]
[Result "1-0"]
[WhiteElo "2051"]
[BlackElo "2019"]

1. e4 c5 2. d4 cxd4 3. c3 dxc3 4. Nxc3 d6 5. h3 Nf6 6. Bc4 a6 7. Nf3 e6 8. Qe2
Be7 9. O-O O-O 10. Rd1 Qc7 11. Be3 b5 12. Bd3 Bb7 13. Rac1 Qd7 14. Bb1 b4 15. e5
bxc3 16. exf6 Bxf6 17. bxc3 Nc6 18. Qd3 Be7 19. Bc5 d5 20. Qxh7# 1-0

[Event "AUTO-ADV-220"]
[Site "http://www.queenalice.com/game.php?id=180793"]
[Date "2007.3.12"]
[Round "2"]
[White "bruno_santiago"]
[Black "Rafale2000"]
[Result "1-0"]
[WhiteElo "2121"]
[BlackElo "1957"]

1. e4 Nf6 2. e5 Nd5 3. Nf3 d6 4. d4 Bg4 5. Be2 e6 6. O-O Nc6 7. c4 Nb6 8. Nbd2
dxe5 9. dxe5 Be7 10. b3 O-O 11. h3 Bh5 12. Bb2 f6 13. a3 Bxf3 14. Nxf3 Qe8 15.
Qc2 Rd8 16. Rad1 Rd7 17. Rxd7 Nxd7 18. Qe4 Nc5 19. Qc2 f5 20. b4 Ne4 21. Nd2
Nxd2 22. Qxd2 Qd8 23. Qc3 Qe8 24. c5 Qg6 25. Qb3 Rd8 26. Bc4 Nd4 27. Bxd4 Rxd4
28. Bxe6+ Kh8 29. Bf7 Qg5 30. Rd1 Qf4 31. Rxd4 Qxe5 32. Qe3 1-0

[Event "AUTO-ADV-220"]
[Site "http://www.queenalice.com/game.php?id=180794"]
[Date "2007.3.12"]
[Round "2"]
[White "Rafale2000"]
[Black "bruno_santiago"]
[Result "0-1"]
[WhiteElo "1932"]
[BlackElo "2093"]

1. e4 Nc6 2. Nf3 e5 3. d4 exd4 4. Bc4 Nf6 5. O-O d6 6. Nxd4 Be7 7. Nc3 O-O 8.
Nd5 Nxd5 9. exd5 Ne5 10. Bb3 a6 11. c4 Bg4 12. Qd2 h6 13. f4 Nd7 14. Bc2 Bh5 15.
Bd1 Bxd1 16. Qxd1 Bf6 17. Be3 Re8 18. Re1 Nf8 19. Bf2 Qd7 20. Qd2 Ng6 21. Rxe8+
Rxe8 22. Re1 Rxe1+ 23. Bxe1 Qg4 24. g3 Nh4 25. Bf2 Bxd4 26. Kf1 Bxf2 27. Kxf2
Qf3+ 28. Kg1 Nf5 29. Qf2 Qd1+ 30. Kg2 Qd3 31. b3 Nd4 32. Kh3 Qf5+ 33. Kh4 g5+
34. Kh5 Qg6+ 35. Kg4 h5+ 36. Kh3 g4+ 37. Kg2 Qe4+ 38. Kf1 Nf3 39. Kg2 Ne1+ 40.
Kg1 Nd3 41. Qd2 Qf3 42. f5 Qxf5 43. Qc2 Qe4 44. a3 Qe3+ 45. Kf1 Nc1 46. b4 Qxa3
0-1

[Event "AUTO-OPEN-316"]
[Site "http://www.queenalice.com/game.php?id=181235"]
[Date "2007.3.13"]
[Round "3"]
[White "bruno_santiago"]
[Black "mds"]
[Result "0-1"]
[WhiteElo "2004"]
[BlackElo "2340"]

1. Nf3 Nf6 2. g3 b6 3. Bg2 Bb7 4. c4 e6 5. d4 Be7 6. O-O O-O 7. Nc3 Ne4 8. Qc2
Nxc3 9. bxc3 f5 10. Bb2 Be4 11. Qd2 d6 12. Ne1 Bxg2 13. Nxg2 Qd7 14. f3 c5 15.
e4 fxe4 16. fxe4 Nc6 17. Qe2 Bg5 18. Nf4 Bxf4 19. gxf4 Na5 20. Rf3 Qa4 21. Kh1
Nxc4 22. Bc1 cxd4 23. cxd4 d5 24. e5 Rf5 25. Be3 Raf8 26. Rg1 Nxe3 27. Qxe3 Qxa2
0-1

[Event "AUTO-OPEN-316"]
[Site "http://www.queenalice.com/game.php?id=181236"]
[Date "2007.3.13"]
[Round "3"]
[White "mds"]
[Black "bruno_santiago"]
[Result "1-0"]
[WhiteElo "2342"]
[BlackElo "2001"]

1. d4 Nf6 2. Bg5 d6 3. Nf3 c6 4. Bxf6 exf6 5. c3 Be7 6. Nbd2 f5 7. Qb3 Qc7 8. e3
Be6 9. Bc4 d5 10. Bd3 a5 11. Qc2 g6 12. c4 dxc4 13. Bxc4 Nd7 14. O-O Nb6 15.
Bxe6 fxe6 16. Nb3 Nd5 17. Nc5 Kf7 18. Ne5+ Kf6 19. Ned7+ Kf7 20. Ne5+ Kf6 21. e4
Bxc5 22. Qxc5 Nb4 23. a3 Na6 24. Qc4 Rad8 25. Rfe1 Rd6 26. Qc3 Ke7 27. Nc4 Rd7
28. exf5 gxf5 29. d5 cxd5 30. Qg7+ Kd8 31. Qxh8+ Ke7 32. Qxh7+ 1-0

[Event "AUTO-ADV-215"]
[Site "http://www.queenalice.com/game.php?id=184430"]
[Date "2007.3.19"]
[Round "2"]
[White "bruno_santiago"]
[Black "dilucia"]
[Result "0-1"]
[WhiteElo "2123"]
[BlackElo "2307"]

1. e4 c5 2. Nf3 d6 3. d4 cxd4 4. Nxd4 Nf6 5. Nc3 a6 6. Be2 e5 7. Nf3 Be7 8. O-O
O-O 9. h3 Nbd7 10. Be3 Qc7 11. Nd2 b5 12. f4 Bb7 13. Bf3 b4 14. Ne2 d5 15. fxe5
Nxe5 16. Bf4 dxe4 17. Nxe4 Nxe4 18. Bxe4 Bxe4 19. Kh1 Rad8 20. Qe1 Qd7 21. Ng1
Qc6 22. Bxe5 Bxg2+ 23. Kh2 Bxf1 24. Qg3 Rd2+ 0-1

[Event "AUTO-ADV-215"]
[Site "http://www.queenalice.com/game.php?id=184431"]
[Date "2007.3.19"]
[Round "2"]
[White "dilucia"]
[Black "bruno_santiago"]
[Result "1-0"]
[WhiteElo "2300"]
[BlackElo "2143"]

1. e4 c5 2. Nf3 d6 3. d4 cxd4 4. Nxd4 Nf6 5. Nc3 a6 6. Bg5 e5 7. Bxf6 Qxf6 8.
Nd5 Qd8 9. Nf5 Bxf5 10. exf5 Nc6 11. c3 Be7 12. Bd3 Rc8 13. Qg4 O-O 14. f6 Bxf6
15. Qf5 1-0

[Event "AUTO-OPEN-347"]
[Site "http://www.queenalice.com/game.php?id=190006"]
[Date "2007.3.30"]
[Round "3"]
[White "bruno_santiago"]
[Black "MQueST"]
[Result "0-1"]
[WhiteElo "2043"]
[BlackElo "2300"]

1. e4 c5 2. Nf3 Nc6 3. d4 cxd4 4. Nxd4 Nf6 5. Nc3 d6 6. Be2 g6 7. O-O Bg7 8. Kh1
Nxe4 9. Nxc6 Nxc3 10. Nxd8 Nxd1 11. Nxf7 Kxf7 12. Rxd1 Rf8 13. c3 Bf5 14. Be3 a6
15. Bc4+ Be6 16. Be2 b5 17. f3 Bc4 18. Bd3 Rad8 19. Rd2 Bxd3 20. Rxd3 h6 21.
Rad1 Rc8 22. Bc1 Ke6 23. Re1+ Kd7 24. Bf4 Rxf4 0-1

[Event "AUTO-OPEN-347"]
[Site "http://www.queenalice.com/game.php?id=190007"]
[Date "2007.3.30"]
[Round "3"]
[White "MQueST"]
[Black "bruno_santiago"]
[Result "1-0"]
[WhiteElo "2252"]
[BlackElo "1981"]

1. Nf3 c5 2. e4 d6 3. d4 cxd4 4. Nxd4 Nf6 5. Nc3 a6 6. g3 e5 7. Nde2 Be7 8. Bg2
Qc7 9. Bg5 Nbd7 10. Qd2 h6 11. Be3 b5 12. O-O Bb7 13. a3 O-O 14. h3 Rac8 15.
Rad1 Rfd8 16. Rfe1 Nc5 17. Bxc5 dxc5 18. Nd5 Nxd5 19. exd5 Bd6 20. Qd3 c4 21.
Qf3 Bc5 22. Qh5 Qb6 23. Rf1 Qg6 24. Qxg6 fxg6 25. Kh1 Rd6 26. f4 exf4 27. Nxf4
Rf8 28. Rfe1 Rfd8 29. Ne6 Rc8 30. Rf1 Bb6 31. Kh2 Re8 32. h4 Bc8 33. Bh3 Bb7 34.
Nf4 g5 35. hxg5 hxg5 36. Be6+ 1-0

[Event "AUTO-ADV-251"]
[Site "http://www.queenalice.com/game.php?id=192910"]
[Date "2007.4.6"]
[Round "2"]
[White "mrshogi"]
[Black "bruno_santiago"]
[Result "1-0"]
[WhiteElo "2108"]
[BlackElo "1933"]

1. d4 Nf6 2. Nf3 g6 3. Bf4 Bg7 4. e3 O-O 5. Be2 d6 6. h3 c6 7. c4 Nbd7 8. Nc3 b6
9. O-O Qc7 10. Qc2 e5 11. Bh2 Re8 12. b4 1-0

[Event "AUTO-ADV-251"]
[Site "http://www.queenalice.com/game.php?id=192911"]
[Date "2007.4.6"]
[Round "2"]
[White "bruno_santiago"]
[Black "mrshogi"]
[Result "0-1"]
[WhiteElo "1943"]
[BlackElo "2101"]

1. e4 e6 2. d4 d5 3. Nc3 Nf6 4. e5 Nfd7 5. Nf3 c5 6. Bb5 Nc6 7. Bf4 Be7 8. O-O
O-O 9. Ne2 a6 10. Bxc6 bxc6 11. c3 a5 12. Ng3 Ba6 13. Re1 Rb8 0-1

[Event "AUTO-OPEN-336"]
[Site "http://www.queenalice.com/game.php?id=200594"]
[Date "2007.4.22"]
[Round "2"]
[White "bleras"]
[Black "bruno_santiago"]
[Result "1-0"]
[WhiteElo "1967"]
[BlackElo "1974"]

1. e4 e5 2. Nf3 Nc6 3. Bc4 Nf6 4. Ng5 Bc5 5. Nxf7 Bxf2+ 6. Kf1 Qe7 7. Nxh8 d5 8.
exd5 Nd4 9. d3 Ng4 10. c3 Qf6 11. cxd4 Be3+ 12. Qf3 Qxf3+ 13. gxf3 Bxc1 14. Na3
Bxb2 15. Nb5 Bxa1 16. Nxc7+ Kd8 17. Nxa8 Ne3+ 18. Ke2 Bxd4 19. Nf7+ Ke8 20. d6
1-0

[Event "AUTO-OPEN-336"]
[Site "http://www.queenalice.com/game.php?id=200595"]
[Date "2007.4.22"]
[Round "2"]
[White "bruno_santiago"]
[Black "bleras"]
[Result "0-1"]
[WhiteElo "1958"]
[BlackElo "1983"]

1. e4 e5 2. Nf3 Nc6 3. Bb5 Nge7 4. O-O g6 5. d4 exd4 6. Nxd4 Bg7 7. c3 O-O 8. f4
Nxd4 9. cxd4 d5 10. e5 Nf5 11. Nc3 c6 12. Be2 Qb6 13. Kh1 Qxd4 14. Qxd4 Nxd4 15.
Bd3 Re8 16. Be3 Nf5 17. Bg1 b6 18. h3 Ng3+ 19. Kh2 Nxf1+ 20. Rxf1 f6 0-1

[Event "AUTO-OPEN-336"]
[Site "http://www.queenalice.com/game.php?id=200600"]
[Date "2007.4.22"]
[Round "2"]
[White "bruno_santiago"]
[Black "Pato"]
[Result "0-1"]
[WhiteElo "2041"]
[BlackElo "2003"]

1. e4 Nc6 2. d4 e5 3. d5 Nce7 4. c4 Ng6 5. Nf3 Bc5 6. a3 a5 7. Bd3 d6 8. O-O Nf6
9. h3 O-O 10. Nbd2 Re8 11. Re1 Nh5 12. Nf1 Nhf4 13. Bxf4 Nxf4 14. Ng3 Qf6 15.
Bf1 h5 16. Qd2 h4 17. Ne2 Nxh3+ 18. gxh3 Qxf3 19. Kh2 Bxf2 20. Bg2 Bg3+ 21. Kh1
Qh5 22. Rf1 Rf8 23. Qe3 f5 24. Nxg3 hxg3 25. Qxg3 f4 26. Qd3 Rf6 27. Kg1 Rg6 28.
Kf2 Rg3 29. Bf3 Qxh3 30. Rh1 Rg2+ 31. Bxg2 Qxd3 0-1

[Event "AUTO-OPEN-336"]
[Site "http://www.queenalice.com/game.php?id=200601"]
[Date "2007.4.22"]
[Round "2"]
[White "Pato"]
[Black "bruno_santiago"]
[Result "0-1"]
[WhiteElo "1997"]
[BlackElo "2027"]

1. f4 e5 2. fxe5 d6 3. exd6 Bxd6 4. Nf3 g5 5. d4 g4 6. Ng5 f5 7. e4 fxe4 8. Nxe4
Qe7 9. Bd3 Nf6 10. O-O Nxe4 11. Bxe4 Bxh2+ 12. Kxh2 Qh4+ 13. Kg1 g3 14. Re1 O-O
15. Bf3 Bg4 16. Qd2 Qh2+ 17. Kf1 Qh1+ 18. Ke2 Bxf3+ 19. Kd3 Qh5 20. gxf3 Rxf3+
21. Re3 Qf5+ 22. Kc3 Nc6 23. Rxf3 Qxf3+ 24. Qd3 Nxd4 25. Qxf3 Nxf3 26. Nd2 Rf8
27. Ne4 g2 28. Be3 h5 29. Kd3 h4 30. Ke2 h3 31. Bg1 Nxg1+ 32. Rxg1 Kh8 33. Ng3
Kh7 34. Ne4 h2 0-1